banner koha

Regulação, mercado ou pressão social? Os determinantes do investimento ambiental na indústria (Registro n. 292159)

MARC details
000 -LÍDER
campo de controle de tamanho fixo 00949nac a22003017a 4500
001 - NÚMERO DE CONTROLE
campo de controle BR0201422
003 - IDENTIFICADOR DO NÚMERO DE CONTROLE
campo de controle BR-BrBNA
005 - DATA E HORÁRIO DA ÚLTIMA TRANSAÇÃO
campo de controle 20240105122645.0
008 - CAMPO DE DADOS FIXOS--INFORMAÇÃO GERAL
campo de controle de tamanho fixo 230509b bl.|||m| |||| 00| 0 por d
040 ## - FONTE DA CATALOGAÇÃO
Instituição da catalogação original BR-BrBNA
Idioma da catalogação por
Instituição que transcreveu o registro Biblioteca Nacional de Agricultura
072 ## - CÓDIGO DE CATEGORIA DE ASSUNTO
Código de Categoria de Assunto E13; P01
090 ## - NÚMERO DE CHAMADA LOCAL
Número de chamada E13 BR0201422
100 1# - ENTRADA PRINCIPAL--NOME PESSOAL
Nome pessoal Ferraz, C.
100 1# - ENTRADA PRINCIPAL--NOME PESSOAL
Nome pessoal Motta, R.S. da
245 1# - TÍTULO
Título Regulação, mercado ou pressão social? Os determinantes do investimento ambiental na indústria
260 3# - PUBLICAÇÃO, DISTRIBUIÇÃO, ETC.
Data da publicação, distribuição, etc. 2002.
300 ## - DESCRIÇÃO FÍSICA
Extensão 17 p.
490 ## - TÍTULO DA SÉRIE
Título da série Texto para Discussão - Instituto de Pesquisa Econômica Aplicada (Brazil)
Número do volume ou designação sequencial da série no. 863
ISSN - International Standard Serial Number ISSN 1415-4765
500 ## - NOTA GERAL
Nota geral Summaries (En, Pt); 26 ref.
650 ## - ASSUNTO--TERMO TÓPICO
Cabeçalho tópico ou nome geográfico Meio Ambiente
650 ## - ASSUNTO--TERMO TÓPICO
Cabeçalho tópico ou nome geográfico Investimento
650 ## - ASSUNTO--TERMO TÓPICO
Cabeçalho tópico ou nome geográfico Empresa
650 ## - ASSUNTO--TERMO TÓPICO
Cabeçalho tópico ou nome geográfico Regulamentação
650 ## - ASSUNTO--TERMO TÓPICO
Cabeçalho tópico ou nome geográfico Método de Aplicação
650 ## - ASSUNTO--TERMO TÓPICO
Cabeçalho tópico ou nome geográfico Modelo Matemático
909 ## -
-- 202312
-- Lúcia Elande
-- 55
-- Lúcia Elande
942 ## - ELEMENTOS DE ENTRADA ADICIONADOS (KOHA)
Fonte da classificação ou esquema de arquivamento na estante Classificação AGRIS
Ocultar no OPAC Não
Tipo de material Koha Monografia Seriada
Exemplares
Situação do descarte Fonte da classificação ou esquema de arquivamento na estante Situação física Não pode ser emprestado Coleção Biblioteca de origem Biblioteca atual Localização na estante Total de empréstimos Número de telefone completo Código de barras Data de último acesso Tipo de material Koha Fonte de aquisição
  Classificação AGRIS       Biblioteca Nacional de Agricultura - Binagri Biblioteca Nacional de Agricultura - Binagri Agrobase - Acervo Geral   E13 BR0201422 E13 BR0201422 18/12/2023 Monografia Seriada Portaria Interministerial nº 164/94

BINAGRI

Telefone: (61)3218-2567/2388/3357/2097 - binagri@agro.gov.br

Ministério da Agricultura e Pecuária , Esplanada dos Ministérios, Bloco D, Anexo B, Brasília/DF, CEP: 70.043-900